000 00810nam a2200241Ia 4500
003 OSt
005 20220926022202.0
006 a|||||r|||| 00| 0
007 ta
008 220923b |||||||| |||| 00| 0 eng d
037 _cGeneral Book
040 _aRTL
_cRTL
_beng
041 _2eng
_aeng
082 _aY:5.1r.N91, N1/UN
110 _aUNITED NATIONS, INTRENATIONAL ECONOMIC AND SOCIAL AFFAIRS (Department of--)
_9327533
245 0 _aPopulation and vital statistics report.
260 _aNew York
_bUnited Nations
_c1991
300 _a19p.
_ccm.
500 _aStatistical papers series A,vol. xlii,no.3
700 _aUNITED NATIONS, INTRENATIONAL ECONOMIC AND SOCIAL AFFAIRS (Department of--)
_9327534
942 _hY:5.1r.N91, N1/UN
_cGB
_2CC
999 _c638770
_d638770